[Event "April Lviv Tradition (IM B-group)"]
[Site "Lviv"]
[Date "2016.04.25"]
[Round "1.4"]
[White "Vasina, Olena"]
[Black "Bunyatov, Rustam"]
[Result "0-1"]
[WhiteElo "2080"]
[BlackElo "2263"]
[PlyCount "60"]
[EventDate "2016.??.??"]

1. c4 c5 2. Nc3 Nc6 3. g3 g6 4. Bg2 Bg7 5. e3 d6 6. Nge2 Be6 7. b3 Qc8 8. h4
Bg4 9. f3 Bd7 10. Bb2 h5 11. a3 Nh6 12. Qc2 Ne5 13. d4 cxd4 14. exd4 Nc6 15.
Nd5 Nf5 16. Qd2 e5 17. dxe5 dxe5 18. O-O O-O 19. b4 Re8 20. Kh2 Ncd4 21. Qd3
Be6 22. Rac1 Qd8 23. Nxd4 exd4 24. f4 b5 25. Rfe1 bxc4 26. Rxc4 Bxd5 27. Rxe8+
Qxe8 28. Bxd5 Rd8 29. Bf3 Qe1 30. Bg2 Ne3 0-1

[Event "April Lviv Tradition (IM B-group)"]
[Site "Lviv"]
[Date "2016.04.25"]
[Round "1.5"]
[White "Wisniewski, Michal"]
[Black "Sliwicka, Alicja"]
[Result "1-0"]
[WhiteElo "2236"]
[BlackElo "2084"]
[PlyCount "95"]
[EventDate "2016.??.??"]

1. e4 e5 2. Nf3 Nc6 3. d4 exd4 4. Nxd4 Nf6 5. Nxc6 bxc6 6. Qe2 d5 7. exd5+ Be7
8. dxc6 O-O 9. Qd3 Re8 10. Be3 Nd5 11. Nc3 Nxe3 12. fxe3 Bd6 13. O-O-O Qe7 14.
g3 Rb8 15. Bg2 Be5 16. Bd5 a5 17. Bb3 Rb6 18. Nd5 Qc5 19. Nxb6 Qxb6 20. c3 Bf6
21. Rhe1 Bg4 22. Rd2 Bh5 23. Qd5 Bg6 24. Bc2 a4 25. Bxg6 hxg6 26. a3 Rd8 27.
Qa2 Rxd2 28. Kxd2 Qxc6 29. Qb1 Qb5 30. Qc2 c5 31. Kc1 Bg5 32. h4 Bf6 33. e4 Be5
34. g4 Bg3 35. Rh1 Qc4 36. Kb1 Qe6 37. Qd3 c4 38. Qf3 Bd6 39. Rd1 Be7 40. Ka1
Bxh4 41. Qf4 g5 42. Rd8+ Kh7 43. Qf5+ Qxf5 44. exf5 f6 45. Rc8 g6 46. fxg6+
Kxg6 47. Rxc4 f5 48. Rc6+ 1-0

[Event "April Lviv Tradition (IM B-group)"]
[Site "Lviv"]
[Date "2016.04.25"]
[Round "1.6"]
[White "Frolov, Artur"]
[Black "Bogdanov, Egor"]
[Result "1/2-1/2"]
[WhiteElo "2458"]
[BlackElo "2302"]
[PlyCount "60"]
[EventDate "2016.??.??"]

1. d4 Nf6 2. Nf3 g6 3. c4 Bg7 4. Nc3 O-O 5. Bg5 c5 6. d5 d6 7. e4 h6 8. Bd2 e6
9. Be2 exd5 10. exd5 Re8 11. O-O Ne4 12. Nxe4 Rxe4 13. Bd3 Re8 14. Rb1 Nd7 15.
Qc2 Ne5 16. Nxe5 Rxe5 17. Rfe1 Rxe1+ 18. Rxe1 Bd7 19. g3 Bh3 20. Bc3 Bxc3 21.
Qxc3 Qd7 22. Bf1 Bxf1 23. Kxf1 Re8 24. Rxe8+ Qxe8 25. Qf6 Qe4 26. b3 b5 27.
Qxd6 Qh1+ 28. Ke2 Qe4+ 29. Kf1 Qh1+ 30. Ke2 Qe4+ 1/2-1/2

[Event "April Lviv Tradition (IM B-group)"]
[Site "Lviv"]
[Date "2016.04.25"]
[Round "1.5"]
[White "Osmak, Iulija"]
[Black "Rozycki, Bartlomiej"]
[Result "1-0"]
[WhiteElo "2351"]
[BlackElo "2135"]
[PlyCount "85"]
[EventDate "2016.04.25"]

1. e4 e6 2. d4 d5 3. e5 c5 4. c3 Qb6 5. Nf3 Nc6 6. a3 c4 7. Nbd2 Na5 8. Be2 Bd7
9. O-O Ne7 10. Rb1 Qc7 11. Re1 Nc8 12. Nf1 Nb6 13. Bf4 O-O-O 14. Qc1 Ba4 15. h4
Be7 16. h5 h6 17. N3h2 Bb3 18. Qd2 Ba2 19. Rbd1 Nb3 20. Qc2 Rdg8 21. Bg4 Bg5
22. Bg3 Qe7 23. f4 Bh4 24. Bxh4 Qxh4 25. f5 Nxd4 26. cxd4 Bb3 27. Qf2 Qxf2+ 28.
Kxf2 Bxd1 29. Rxd1 Kd7 30. Ne3 Rc8 31. Rc1 Ke7 32. Nf3 Na4 33. Rc2 Rc6 34. Nh4
Re8 35. fxe6 fxe6 36. Ng6+ Kd8 37. Nf4 Rb6 38. Nxe6+ Rexe6 39. Bxe6 Rxe6 40.
Nxd5 b5 41. Ke3 a5 42. Ke4 Rc6 43. Nc3 1-0

[Event "April Lviv Tradition (IM B-group)"]
[Site "Lviv"]
[Date "2016.04.26"]
[Round "2.4"]
[White "Bogdanov, Egor"]
[Black "Osmak, Iulija"]
[Result "1/2-1/2"]
[WhiteElo "2302"]
[BlackElo "2351"]
[PlyCount "61"]
[EventDate "2016.??.??"]

1. e4 d6 2. d4 Nf6 3. Nc3 e5 4. Nf3 Nbd7 5. Bc4 Be7 6. O-O Nb6 7. Bb3 exd4 8.
Qxd4 O-O 9. e5 c5 10. Qd3 dxe5 11. Qxd8 Bxd8 12. Nxe5 Bc7 13. Nc4 Nxc4 14. Bxc4
Bf5 15. Nd5 Nxd5 16. Bxd5 Bxc2 17. Be3 Be5 18. Rac1 Bd3 19. Rfd1 c4 20. Bxc4
Bxc4 21. Rxc4 Rfd8 22. Rxd8+ Rxd8 23. Kf1 h6 24. Ke2 a6 25. b3 Rd7 26. h3 Bf6
27. Bf4 Kf8 28. f3 Ke7 29. Re4+ Kd8 30. Rc4 Ke7 31. Re4+ 1/2-1/2

[Event "April Lviv Tradition (IM B-group)"]
[Site "Lviv"]
[Date "2016.04.26"]
[Round "2.5"]
[White "Sliwicka, Alicja"]
[Black "Frolov, Artur"]
[Result "0-1"]
[WhiteElo "2084"]
[BlackElo "2458"]
[PlyCount "122"]
[EventDate "2016.??.??"]

1. e4 c5 2. Nf3 Nc6 3. d4 cxd4 4. Nxd4 Nf6 5. Nc3 d6 6. Bc4 e6 7. Be3 a6 8. Bb3
Na5 9. O-O b5 10. a4 b4 11. Na2 d5 12. exd5 Nxb3 13. Nxb3 Qxd5 14. Qe2 Bb7 15.
f3 Qe5 16. Rad1 Nd5 17. Rfe1 Bd6 18. g3 Nxe3 19. Qxe3 Qxe3+ 20. Rxe3 Ke7 21.
Red3 Rhd8 22. Kg2 g5 23. Na5 Rab8 24. Nxb7 Rxb7 25. Nc1 Rc7 26. R1d2 Rc6 27.
Nb3 Bc7 28. Rxd8 Bxd8 29. Nc1 Bc7 30. Nd3 Bd6 31. b3 f5 32. Nb2 Rc3 33. Nc4 Bc7
34. Kf2 h5 35. Nb2 Bb6+ 36. Kg2 Bc7 37. Nd1 Rc5 38. Ne3 Re5 39. Nc4 Re1 40. Kf2
Rh1 41. Kg2 Rc1 42. Nb2 Bb6 43. Nd1 e5 44. h3 Ke6 45. Nf2 Be3 46. Re2 Bxf2 47.
Kxf2 Rh1 48. Kg2 Rd1 49. f4 gxf4 50. gxf4 e4 51. Kg3 Rf1 52. Re3 h4+ 53. Kxh4
Rxf4+ 54. Kg5 Rf3 55. Re2 Rxh3 56. Rd2 Ke5 57. Rd8 Rg3+ 58. Kh4 Rg1 59. Kh3 e3
60. Kh2 Rg6 61. Rb8 e2 0-1

[Event "April Lviv Tradition (IM B-group)"]
[Site "Lviv"]
[Date "2016.04.26"]
[Round "2.6"]
[White "Bunyatov, Rustam"]
[Black "Wisniewski, Michal"]
[Result "1/2-1/2"]
[WhiteElo "2263"]
[BlackElo "2236"]
[PlyCount "66"]
[EventDate "2016.??.??"]

1. Nf3 Nf6 2. c4 g6 3. Nc3 d5 4. cxd5 Nxd5 5. g3 Bg7 6. Bg2 c5 7. O-O O-O 8.
Qb3 Nb4 9. d3 e5 10. Be3 N8a6 11. Ng5 h6 12. Nge4 Be6 13. Qa4 Bd7 14. Qd1 b6
15. f4 exf4 16. Bxf4 Bc6 17. Qb3 Qd4+ 18. Kh1 Rad8 19. Rad1 Nd5 20. Nxd5 Bxd5
21. Qa3 Nb4 22. Qxa7 Qxb2 23. Qxb6 Qxe2 24. Rd2 Qh5 25. Qxc5 Bxe4 26. Qxb4 Bxd3
27. Rfd1 Rd4 28. Qe7 Rfd8 29. Qe3 Bb5 30. Rxd4 Qxd1+ 31. Rxd1 Rxd1+ 32. Qg1
Rxg1+ 33. Kxg1 Bd4+ 1/2-1/2

[Event "April Lviv Tradition (IM B-group)"]
[Site "Lviv"]
[Date "2016.04.26"]
[Round "2.5"]
[White "Sevostianov, Pavel"]
[Black "Vasina, Olena"]
[Result "1/2-1/2"]
[WhiteElo "2267"]
[BlackElo "2080"]
[PlyCount "62"]
[EventDate "2016.04.25"]

1. Nf3 c5 2. c4 Nc6 3. g3 e5 4. Nc3 g6 5. a3 Bg7 6. Rb1 a5 7. d3 d6 8. Bg2 Nge7
9. O-O O-O 10. Ne1 Be6 11. Nd5 Rb8 12. Bg5 f6 13. Bd2 Bf7 14. Nxe7+ Nxe7 15.
Qa4 b6 16. b4 axb4 17. axb4 d5 18. cxd5 Nxd5 19. bxc5 bxc5 20. Rxb8 Qxb8 21.
Nf3 c4 22. dxc4 Nb6 23. Qc2 Nxc4 24. Rc1 Re8 25. Bc3 Qb6 26. Rb1 Qe6 27. Qa4
Rc8 28. Be1 Bf8 29. h4 Rd8 30. Bc3 Qc8 31. Rc1 Kh8 $11 1/2-1/2

[Event "April Lviv Tradition (IM B-group)"]
[Site "Lviv"]
[Date "2016.04.26"]
[Round "3.4"]
[White "Wisniewski, Michal"]
[Black "Sevostianov, Pavel"]
[Result "1/2-1/2"]
[WhiteElo "2236"]
[BlackElo "2267"]
[PlyCount "192"]
[EventDate "2016.??.??"]

1. e4 Nf6 2. e5 Nd5 3. d4 Nb6 4. Nf3 d5 5. exd6 cxd6 6. c4 g6 7. Be3 Bg7 8. Nc3
O-O 9. Bd3 Nc6 10. h3 e5 11. dxe5 dxe5 12. Be2 Nd4 13. Bxd4 exd4 14. Nb5 d3 15.
Qxd3 Qe7 16. Nbd4 Qb4+ 17. Qc3 Qxc3+ 18. bxc3 Na4 19. Rc1 b6 20. O-O Bb7 21.
Nb5 Rfd8 22. Rfd1 a6 23. Rxd8+ Rxd8 24. Nbd4 Bf8 25. Bf1 Ba3 26. Rc2 Bb2 27.
Nb3 Bxc3 28. c5 b5 29. Rc1 Kg7 30. Be2 Bb2 31. Rc2 Bc3 32. Rc1 Rc8 33. Kf1 Bb2
34. Rc2 Be4 35. Rd2 Bf6 36. Rd6 Nxc5 37. Nfd2 Bb7 38. Bf3 Bxf3 39. gxf3 Be7 40.
Rb6 Rd8 41. Rc6 Nxb3 42. Nxb3 Rd6 43. Rc7 Bf6 44. Nc5 Be5 45. Re7 Bd4 46. Ne4
Rc6 47. Rd7 Be5 48. Re7 Bf4 49. Ra7 g5 50. Kg2 Kg6 51. Ng3 h5 52. Ne2 Be5 53.
f4 Bxf4 54. Nxf4+ gxf4 55. Kh2 h4 56. Kg2 f6 57. Ra8 f3+ 58. Kxf3 Rc3+ 59. Kg4
Rc4+ 60. f4 f5+ 61. Kxh4 Rxf4+ 62. Kg3 Ra4 63. Rg8+ Kf7 64. Rb8 Rxa2 65. Kf4
Rf2+ 66. Kg5 f4 67. Rb6 f3 68. Kg4 Ra2 69. Kxf3 Ra4 70. h4 b4 71. h5 a5 72. h6
Kg8 73. Rb7 Ra3+ 74. Kg4 Ra1 75. h7+ Kh8 76. Kg5 Rc1 77. Kg6 Rc6+ 78. Kg5 Ra6
79. Kf4 Rh6 80. Kg5 Rc6 81. Kf5 Rc5+ 82. Kg6 Rc8 83. Rb5 Ra8 84. Rb7 Ra6+ 85.
Kf5 a4 86. Rxb4 a3 87. Rb1 a2 88. Ra1 Ra4 89. Ke5 Kxh7 90. Kd5 Kg6 91. Kc5 Kf5
92. Kb5 Ra8 93. Kb4 Ke5 94. Kb3 Kd4 95. Rxa2 Rxa2 96. Kxa2 Ke5 1/2-1/2

[Event "April Lviv Tradition (IM B-group)"]
[Site "Lviv"]
[Date "2016.04.26"]
[Round "3.5"]
[White "Frolov, Artur"]
[Black "Bunyatov, Rustam"]
[Result "1-0"]
[WhiteElo "2458"]
[BlackElo "2263"]
[PlyCount "83"]
[EventDate "2016.??.??"]

1. e4 c5 2. Nf3 d6 3. d4 cxd4 4. Nxd4 Nf6 5. Nc3 g6 6. Be3 Bg7 7. f3 a6 8. Qd2
h5 9. a4 Nbd7 10. h3 Qc7 11. Rd1 Ne5 12. Nd5 Qd8 13. Be2 Bd7 14. a5 Rc8 15. Nb6
Rc7 16. O-O O-O 17. c4 Nc6 18. Nxc6 Rxc6 19. e5 Ne8 20. f4 Be6 21. Bf3 Qc7 22.
Bxc6 Qxc6 23. Nd5 Bxd5 24. cxd5 Qb5 25. f5 Bxe5 26. Bh6 Ng7 27. fxg6 fxg6 28.
Rxf8+ Kxf8 29. Qd3 Qxd3 30. Rxd3 Bxb2 31. Rb3 Bd4+ 32. Kf1 Kf7 33. Bxg7 Bxg7
34. Ke2 Bd4 35. Kd2 Kf6 36. Rxb7 Ke5 37. Rb6 Kxd5 38. Rxa6 e5 39. Ra8 Bc5 40.
Rb8 Kc6 41. a6 d5 42. Rc8+ 1-0

[Event "April Lviv Tradition (IM B-group)"]
[Site "Lviv"]
[Date "2016.04.26"]
[Round "3.6"]
[White "Osmak, Iulija"]
[Black "Sliwicka, Alicja"]
[Result "1-0"]
[WhiteElo "2351"]
[BlackElo "2084"]
[PlyCount "97"]
[EventDate "2016.??.??"]

1. e4 c5 2. Nf3 d6 3. d4 cxd4 4. Nxd4 Nf6 5. Nc3 Bd7 6. h3 e5 7. Nde2 Bc6 8.
Bg5 Nbd7 9. Ng3 h6 10. Bxf6 Nxf6 11. Bc4 Qa5 12. O-O h5 13. Qd3 g6 14. Rfd1 Rd8
15. Nd5 Nxd5 16. Bxd5 Qc7 17. Qb3 Bh6 18. Rd3 O-O 19. Rad1 Rd7 20. Rc3 Kh7 21.
Qa3 Ra8 22. Ne2 a5 23. Rc4 Ra6 24. Qf3 Qd8 25. a4 Bxd5 26. Rxd5 Rc6 27. Rc3 Rb6
28. Rb3 Rc6 29. Nc3 b6 30. Rd1 Bg5 31. Rb5 Rc5 32. Qd3 Rxb5 33. Qxb5 f5 34.
exf5 gxf5 35. Nd5 Rg7 36. Qxb6 Qg8 37. Qxd6 e4 38. Qe5 Qf7 39. Ne3 Bxe3 40.
fxe3 Qg6 41. Rd2 Qg5 42. Rf2 Rf7 43. Qf4 Qf6 44. b3 Kg6 45. Rd2 Qa1+ 46. Kh2
Rf6 47. Qg3+ Kf7 48. Rd7+ Ke8 49. Qc7 1-0

[Event "April Lviv Tradition (IM B-group)"]
[Site "Lviv"]
[Date "2016.04.26"]
[Round "3.5"]
[White "Rozycki, Bartlomiej"]
[Black "Bogdanov, Egor"]
[Result "1/2-1/2"]
[WhiteElo "2135"]
[BlackElo "2302"]
[PlyCount "220"]
[EventDate "2016.04.25"]

1. e4 c5 2. Nf3 d6 3. d4 cxd4 4. Qxd4 Nc6 5. Bb5 Bd7 6. Qd3 g6 7. Nc3 Bg7 8.
Bg5 Nb4 9. Bxd7+ Qxd7 10. Qd2 Rc8 11. O-O Nf6 12. Rad1 Nc6 13. Rfe1 Ng4 14. h3
Nge5 15. Nxe5 Bxe5 16. Bh6 f6 17. f4 Bxc3 18. bxc3 Qc7 19. Qd5 Nd8 20. Bg7 Qb6+
21. Kh1 Rc5 22. Qd4 Rg8 23. Bh6 Nf7 24. e5 fxe5 25. fxe5 Rxe5 26. Rxe5 Qxd4 27.
cxd4 dxe5 28. Be3 exd4 29. Rxd4 Nd6 30. Rb4 b6 31. c4 Kd7 32. c5 bxc5 33. Bxc5
Kc6 34. Bxa7 Ra8 35. Bg1 Rxa2 36. Rb8 Nf5 37. Bh2 Ra1+ 38. Bg1 e5 39. Rb2 h5
40. Kh2 h4 41. Rb6+ Kd5 42. Rxg6 e4 43. Rg5 Ke5 44. Bf2 Kf6 45. Rg4 e3 46. Bxe3
Nxe3 47. Rxh4 Ra2 48. Rb4 Rxg2+ 49. Kh1 Re2 50. Rb5 Nf5 51. Kg1 Kg5 52. Kf1 Rc2
53. Rb8 Kf4 54. Rf8 Ke4 55. h4 Ne3+ 56. Kg1 Ng4 57. h5 Ke3 58. Re8+ Kf4 59.
Rf8+ Kg5 60. h6 Kxh6 61. Kf1 Kg5 62. Ke1 Nf6 63. Kd1 Rh2 64. Rf7 Kf5 65. Re7
Ne4 66. Re8 Kf4 67. Re7 Ke3 68. Re8 Kd4 69. Rd8+ Kc4 70. Rc8+ Nc5 71. Ke1 Ra2
72. Kd1 Kd4 73. Rd8+ Kc3 74. Ke1 Ne6 75. Re8 Nf4 76. Rd8 Ng2+ 77. Kf1 Ne3+ 78.
Ke1 Nc2+ 79. Kf2 Nd4+ 80. Ke1 $11 Kd3 81. Rd7 Ra8 82. Kf2 Rf8+ 83. Ke1 Rf6 84.
Rd8 Rf7 85. Rd6 Ke3 86. Rd8 Re7 87. Kd1 Rb7 88. Re8+ Kd3 89. Ke1 Rf7 90. Rd8
Rf4 91. Rd7 Rf8 92. Rd6 Ke4 93. Rd7 Ra8 94. Re7+ Kd3 95. Rd7 Ra2 96. Rd8 Ra7
97. Kf2 Re7 98. Ra8 Rf7+ 99. Kg3 Ke4 100. Ra4 Rg7+ 101. Kf2 Rg4 102. Ra8 Rf4+
103. Kg3 Nf5+ 104. Kg2 Ne3+ 105. Kg3 Rf3+ 106. Kh4 Kf4 107. Ra4+ Ke5 108. Ra5+
Nd5 109. Kg4 Rf8 110. Kg3 Ke4 1/2-1/2

[Event "April Lviv Tradition (IM B-group)"]
[Site "Lviv"]
[Date "2016.04.27"]
[Round "4.2"]
[White "Sliwicka, Alicja"]
[Black "Rozycki, Bartlomiej"]
[Result "0-1"]
[WhiteElo "2084"]
[BlackElo "2135"]
[PlyCount "104"]
[EventDate "2016.04.25"]

1. e4 e6 2. d4 d5 3. Nc3 Bb4 4. Bd3 Nc6 5. e5 Nge7 6. Nf3 Nf5 7. O-O O-O 8. Ne2
f6 9. Bxf5 exf5 10. exf6 Qxf6 11. Nf4 Be6 12. c4 Bd6 13. cxd5 Bxf4 14. dxc6 Bd6
15. d5 Bc8 16. Qd4 bxc6 17. dxc6 Rb8 18. Qxf6 Rxf6 19. Be3 a5 20. Rac1 Be6 21.
b3 Bd5 22. Kh1 Ba3 23. Rcd1 Bxc6 24. Ne5 Bb5 25. Nd7 Bxf1 26. Rxf1 Rff8 27. Bf4
Rb4 28. Nxf8 Rxf4 29. Ne6 Re4 30. Nxc7 Re2 31. Nb5 $11 Rxa2 32. Nxa3 Rxa3 33.
Rb1 Kf7 34. g3 Ke7 35. Kg2 Kd6 36. Rd1+ Kc6 37. Rd8 Rxb3 38. Rc8+ Kb7 39. Rc5
a4 40. Rxf5 a3 41. h4 Kb6 42. Re5 Rb5 43. Re2 Ra5 44. Re6+ Kb5 45. Re5+ Kb4 46.
Re4+ Kc3 47. Re3+ Kd2 48. Re8 a2 49. Rd8+ Kc3 50. Rc8+ Kd4 51. Rd8+ Ke5 52. f4+
Kf6 0-1

[Event "April Lviv Tradition (IM B-group)"]
[Site "Lviv"]
[Date "2016.04.27"]
[Round "4.5"]
[White "Bunyatov, Rustam"]
[Black "Osmak, Iulija"]
[Result "1/2-1/2"]
[WhiteElo "2263"]
[BlackElo "2351"]
[PlyCount "112"]
[EventDate "2016.??.??"]

1. e4 e5 2. Nf3 Nc6 3. Bc4 Bc5 4. c3 Nf6 5. d3 O-O 6. Nbd2 a6 7. Bb3 h6 8. O-O
Re8 9. Re1 d6 10. Nf1 Be6 11. Ba4 b5 12. Bc2 Bb6 13. Ng3 Qd7 14. h3 d5 15. exd5
Bxd5 16. Nh4 Rad8 17. Qe2 Re6 18. Nhf5 Ne7 19. Nxe7+ Rxe7 20. Be3 Bxe3 21. Qxe3
Ree8 22. a4 Bc6 23. axb5 axb5 24. Qc5 Qd5 25. Qxd5 Nxd5 26. Ra6 Ba8 27. Ne2 b4
28. Rea1 bxc3 29. bxc3 Bb7 30. Ra7 Bc6 31. Bb3 Re7 32. R1a5 Nb6 33. Rc5 Ra8 34.
Rxa8+ Bxa8 35. d4 exd4 36. Nxd4 Be4 37. Nb5 c6 38. Nd6 Nd7 39. Nxe4 Nxc5 40.
Nxc5 Re1+ 41. Kh2 Rc1 42. Ne4 Kf8 43. g4 g6 44. Ba4 f5 45. gxf5 gxf5 46. Nd6
Rxc3 47. Nxf5 Rf3 48. Nxh6 Rxf2+ 49. Kg3 Ra2 50. Bd1 c5 51. Nf5 c4 52. Ne3 Rd2
53. Kf4 c3 54. Bc2 Rh2 55. Ke4 Rxh3 56. Kd4 Rxe3 1/2-1/2

[Event "April Lviv Tradition (IM B-group)"]
[Site "Lviv"]
[Date "2016.04.27"]
[Round "4.6"]
[White "Sevostianov, Pavel"]
[Black "Frolov, Artur"]
[Result "1/2-1/2"]
[WhiteElo "2267"]
[BlackElo "2458"]
[PlyCount "77"]
[EventDate "2016.??.??"]

1. c4 e5 2. g3 Nc6 3. Bg2 f5 4. Nc3 Nf6 5. b3 Bc5 6. Bb2 O-O 7. e3 f4 8. Nge2
fxe3 9. dxe3 d6 10. h3 Qe8 11. Qd2 Bf5 12. g4 Bg6 13. Ng3 h6 14. Nd5 Nxd5 15.
cxd5 Ne7 16. Rc1 Qb5 17. Rc4 c6 18. dxc6 bxc6 19. O-O d5 20. Rxc5 Qxc5 21. Bxe5
Qc2 22. Qxc2 Bxc2 23. Rc1 Bd3 24. Bd6 Rae8 25. Rc3 Bb1 26. a3 Rf6 27. Bc5 a5
28. Bd4 Rf7 29. Nh5 Rb8 30. Bc5 Ba2 31. b4 axb4 32. axb4 Bc4 33. Ra3 Ng6 34. f4
Nh4 35. Bh1 g6 36. Ng3 Rfb7 37. Ra4 Bb5 38. Ra3 Bc4 39. Ra4 1/2-1/2

[Event "April Lviv Tradition (IM B-group)"]
[Site "Lviv"]
[Date "2016.04.27"]
[Round "4.5"]
[White "Vasina, Olena"]
[Black "Wisniewski, Michal"]
[Result "1/2-1/2"]
[WhiteElo "2080"]
[BlackElo "2236"]
[PlyCount "107"]
[EventDate "2016.04.25"]

1. Nf3 Nf6 2. c4 g6 3. Nc3 d5 4. cxd5 Nxd5 5. Qc2 Nb6 6. e4 Bg7 7. d4 O-O 8.
Be3 Re8 9. Be2 Bg4 10. Ne5 Bxe2 11. Qxe2 N8d7 12. Rd1 Qc8 13. f4 Nxe5 14. fxe5
Qe6 15. O-O c5 16. d5 Qxe5 17. Bf4 Qh5 18. g4 Qh4 19. Bg3 Qh3 20. Qf3 Rf8 21.
Ne2 h5 22. gxh5 Qxh5 23. Qxh5 gxh5 24. b3 Nd7 25. Rf5 Rac8 26. Bh4 e6 27. Rxh5
exd5 28. Rdxd5 Nf6 29. Bxf6 Bxf6 30. Rdf5 Rc6 31. Nf4 Bd4+ 32. Kf1 f6 33. Rd5
Rf7 34. Rd8+ Rf8 35. Rd7 Rf7 36. Rxf7 Kxf7 37. Rh7+ Kg8 38. Rxb7 Ra6 39. a4 Be5
40. Nd3 c4 41. Nxe5 fxe5 42. bxc4 Rxa4 43. c5 Rc4 44. Rxa7 Rxc5 45. Kf2 Rc2+
46. Kg3 Re2 47. Kf3 Rxh2 48. Kg4 Rf2 49. Kg5 Rf4 50. Kg6 Kf8 51. Ra4 Ke7 52.
Kg5 Kd6 53. Rc4 Kd7 54. Kg6 $11 1/2-1/2

[Event "April Lviv Tradition (IM B-group)"]
[Site "Lviv"]
[Date "2016.04.27"]
[Round "5.5"]
[White "Frolov, Artur"]
[Black "Vasina, Olena"]
[Result "1-0"]
[WhiteElo "2458"]
[BlackElo "2080"]
[PlyCount "77"]
[EventDate "2016.??.??"]

1. d4 d5 2. c4 c6 3. Nf3 Nf6 4. Nc3 dxc4 5. a4 Bf5 6. e3 e6 7. Bxc4 Bb4 8. O-O
O-O 9. Qb3 a5 10. Na2 Na6 11. Bxa6 Rxa6 12. Nxb4 axb4 13. Qxb4 b5 14. b3 Qd5
15. Ne5 Nd7 16. Nxd7 Qxd7 17. a5 Bg6 18. f3 h5 19. Qc3 h4 20. h3 Rd8 21. Bb2 f6
22. e4 Qa7 23. Kh1 f5 24. exf5 Bxf5 25. b4 Qf7 26. Rac1 Qg6 27. Qe1 Bd3 28.
Qxh4 Rd5 29. Rfe1 Bc4 30. Re4 Rh5 31. Qd8+ Kh7 32. Rg4 Qf5 33. Qe7 Qf6 34. Qxf6
gxf6 35. d5 cxd5 36. Bxf6 Ra7 37. Re1 Rh6 38. Bd4 Rf7 39. a6 1-0

[Event "April Lviv Tradition (IM B-group)"]
[Site "Lviv"]
[Date "2016.04.27"]
[Round "5.6"]
[White "Osmak, Iulija"]
[Black "Sevostianov, Pavel"]
[Result "0-1"]
[WhiteElo "2351"]
[BlackElo "2267"]
[PlyCount "82"]
[EventDate "2016.??.??"]

1. e4 d6 2. d4 Nf6 3. Nc3 g6 4. f4 Bg7 5. Nf3 O-O 6. Be3 Nbd7 7. Qd2 c5 8.
O-O-O cxd4 9. Bxd4 Qa5 10. Kb1 e5 11. fxe5 dxe5 12. Be3 Nb6 13. Nd5 Qa4 14.
Nxf6+ Bxf6 15. Bh6 Be6 16. b3 Qxe4 17. Bxf8 Rxf8 18. Bd3 Qc6 19. Ng5 Bd5 20.
Rhf1 Bg7 21. c4 Bxg2 22. Rg1 Bf3 23. Nxf3 Qxf3 24. Qg2 Qe3 25. Rge1 Qc5 26. Be4
f5 27. Bd5+ Kh8 28. h4 e4 29. h5 Qe7 30. a4 g5 31. Ka2 h6 32. Qf2 Bc3 33. Re3
Be5 34. Re2 Kg7 35. a5 Qb4 36. Qe1 Bc3 37. Qxc3+ Qxc3 38. axb6 axb6 39. Bxb7
Rf7 40. Bc6 Ra7+ 41. Ba4 Rxa4+ 0-1

[Event "April Lviv Tradition (IM B-group)"]
[Site "Lviv"]
[Date "2016.04.27"]
[Round "5.4"]
[White "Rozycki, Bartlomiej"]
[Black "Bunyatov, Rustam"]
[Result "0-1"]
[WhiteElo "2135"]
[BlackElo "2263"]
[PlyCount "112"]
[EventDate "2016.04.25"]

1. e4 c5 2. Nf3 d6 3. d4 cxd4 4. Qxd4 a6 5. c4 Nc6 6. Qe3 g6 7. h3 Bg7 8. Be2
Nf6 9. O-O O-O 10. Nc3 Bd7 11. Rb1 Rc8 12. b3 Nh5 13. Bb2 f5 14. exf5 Bxf5 15.
Rbd1 Bd7 16. c5 dxc5 17. Bc4+ Kh8 18. Ng5 Nd4 19. Ne2 e5 20. Nf7+ Rxf7 21. Bxf7
Bc6 22. f4 Qc7 23. fxe5 Nxe2+ 24. Qxe2 Ng3 25. Qf2 Nxf1 26. Rxf1 Qe7 27. e6 Rd8
28. Bxg7+ Kxg7 29. Qg3 Rd5 30. h4 Kh6 31. Qe3+ Kg7 32. Qg3 Kh6 33. Qe3+ Kg7 34.
Qc3+ Rd4 35. b4 Qxh4 36. bxc5 Qg4 37. Qb2 Kh6 38. e7 Re4 39. Rf3 Re1+ 40. Kf2
Qh4+ 41. Rg3 Rxe7 42. Qd2+ Kg7 43. Bb3 Rd7 44. Qc3+ Qd4+ 45. Qxd4+ Rxd4 46. Ke3
Re4+ 47. Kd3 Re5 48. Kd4 Kf6 49. Rg4 Rf5 50. Rh4 h5 51. g3 Rf3 52. Bd5 Rxg3 53.
Rf4+ Kg5 54. Rf7 Rg1 55. Bxc6 bxc6 56. Rc7 h4 0-1

[Event "April Lviv Tradition (IM B-group)"]
[Site "Lviv"]
[Date "2016.04.27"]
[Round "5.5"]
[White "Bogdanov, Egor"]
[Black "Sliwicka, Alicja"]
[Result "1-0"]
[WhiteElo "2302"]
[BlackElo "2084"]
[PlyCount "71"]
[EventDate "2016.04.25"]

1. e4 e5 2. Nf3 Nc6 3. Bc4 Nf6 4. d3 h6 5. O-O g6 6. d4 Qe7 7. Nc3 d6 8. Nd5
Qd8 9. Bb5 Bd7 10. Bxc6 bxc6 11. Nxf6+ Qxf6 12. h3 exd4 13. e5 dxe5 14. Nxe5 c5
15. Qe2 O-O-O 16. b4 cxb4 17. a3 Re8 18. f4 Qb6 19. Qf3 Bb5 20. Rd1 f6 21. Nd3
Bxd3 22. Qxd3 a5 23. Bd2 Kb7 24. Rdb1 Ra8 25. axb4 axb4 26. Qe4+ c6 27. Rxa8
Kxa8 28. Qe8+ Kb7 29. Ra1 d3+ 30. Kh2 dxc2 31. Qf7+ Kb8 32. Qxf6 Bg7 33. Qxg7
Re8 34. Qxg6 Re2 35. Qxc2 Qc7 36. Qa4 1-0

[Event "April Lviv Tradition (IM B-group)"]
[Site "Lviv"]
[Date "2016.04.28"]
[Round "6.3"]
[White "Bunyatov, Rustam"]
[Black "Bogdanov, Egor"]
[Result "1/2-1/2"]
[WhiteElo "2263"]
[BlackElo "2302"]
[PlyCount "76"]
[EventDate "2016.??.??"]

1. e4 c5 2. Ne2 d6 3. g3 Nc6 4. Bg2 g6 5. c3 Bg7 6. d4 cxd4 7. cxd4 Qb6 8. Nbc3
Nf6 9. O-O O-O 10. b3 Bd7 11. h3 Rac8 12. Be3 Qa5 13. f4 e5 14. fxe5 dxe5 15.
d5 Nd4 16. Rc1 Nxe2+ 17. Nxe2 Qxa2 18. Bc5 Rfe8 19. Ra1 Qb2 20. Rb1 Qa2 21. Ra1
Qb2 22. Rb1 Qxb1 23. Qxb1 Rxc5 24. Rc1 Rec8 25. Rxc5 Rxc5 26. Qd3 Bh6 27. Nc3
Ra5 28. Na4 Bxa4 29. Qc3 b6 30. bxa4 Rxa4 31. Qxe5 Be3+ 32. Kh2 Bd4 33. Qb8+
Kg7 34. e5 Nd7 35. Qe8 Ra1 36. Qxd7 Bg1+ 37. Kh1 Bd4+ 38. Kh2 Bg1+ 1/2-1/2

[Event "April Lviv Tradition (IM B-group)"]
[Site "Lviv"]
[Date "2016.04.28"]
[Round "6.3"]
[White "Sevostianov, Pavel"]
[Black "Rozycki, Bartlomiej"]
[Result "1/2-1/2"]
[WhiteElo "2267"]
[BlackElo "2135"]
[PlyCount "104"]
[EventDate "2016.04.25"]

1. e4 e6 2. d4 d5 3. Nd2 Nf6 4. e5 Nfd7 5. f4 c5 6. c3 Nc6 7. Ngf3 Be7 8. Bd3
f5 9. exf6 Nxf6 10. dxc5 Bxc5 11. Nb3 Qb6 12. Qe2 Bd7 13. Nxc5 Qxc5 14. Be3 Qd6
15. O-O O-O 16. b4 b6 17. b5 Na5 18. Ne5 Rac8 19. Bd4 Nb7 20. Rad1 Nc5 21. Bc2
Qc7 22. Rf3 Be8 23. Re3 Nfe4 24. Rf1 Nd6 25. a4 Nce4 26. Rh3 Qe7 27. g4 Rc7 28.
g5 Bg6 29. Nxg6 hxg6 30. Bxe4 Nxe4 31. Qg4 Rc4 32. Be5 $11 Kf7 33. Rh7 Qc5+ 34.
Kg2 Rg8 35. f5 Nf6 36. fxg6+ Kxg6 37. Rxg7+ Kxg7 38. Bxf6+ Kg6 39. Qxe6 Qc8 40.
Qd6 Qg4+ 41. Kh1 Qe4+ 42. Kg1 Kh5 43. Be7 Qg4+ 44. Kh1 Qe4+ 45. Kg1 Rg6 46. Qd8
Qg4+ 47. Kh1 Qe4+ 48. Kg1 Qe5 49. Qf8 Rg4+ 50. Kh1 Qe4+ 51. Rf3 Qb1+ 52. Rf1
Qe4+ 1/2-1/2

[Event "April Lviv Tradition (IM B-group)"]
[Site "Lviv"]
[Date "2016.04.28"]
[Round "6.4"]
[White "Vasina, Olena"]
[Black "Osmak, Iulija"]
[Result "1-0"]
[WhiteElo "2080"]
[BlackElo "2351"]
[PlyCount "121"]
[EventDate "2016.??.??"]

1. d4 Nf6 2. Nf3 e6 3. c4 b6 4. a3 Bb7 5. Nc3 Be7 6. g3 O-O 7. Bg2 Ne4 8. Qc2
f5 9. O-O Nxc3 10. Qxc3 d6 11. Qe3 Rf6 12. b4 Qe8 13. Bb2 Rh6 14. a4 a5 15.
bxa5 Rxa5 16. Bc3 Rxa4 17. Rxa4 Qxa4 18. Ra1 Qe8 19. Ra7 Qc8 20. d5 Na6 21. Nd4
e5 22. Rxb7 exd4 23. Bxd4 Bf6 24. Ra7 Bxd4 25. Qxd4 Nc5 26. Qa1 Qd7 27. Ra8+
Kf7 28. Qa7 Rf6 29. Bf3 g6 30. Qb8 Ke7 31. Ra7 Rf8 32. Qxc7 Qxc7 33. Rxc7+ Nd7
34. Ra7 Rc8 35. e4 Rxc4 36. exf5 gxf5 37. Kf1 Kd8 38. Ra8+ Rc8 39. Rxc8+ Kxc8
40. Be2 Nc5 41. Bb5 Kd8 42. f3 Ke7 43. Ke2 f4 44. gxf4 Kf6 45. Ke3 h6 46. h3
Kf5 47. Bc4 Kg6 48. h4 Kf6 49. h5 Kf5 50. Bb5 Kf6 51. Be8 Na6 52. Ke4 Nb4 53.
Bb5 Na2 54. Kd4 Kf5 55. Bc4 Nc1 56. Ke3 Kf6 57. Kd2 b5 58. Bxb5 Nb3+ 59. Ke3
Nc5 60. Bf1 Na6 61. Bxa6 1-0